Statistics for Countries with Daylight Saving Time

Click here to take the quiz!

General Stats

  • This quiz has been taken 36 times
  • The average score is 47 of 61

Answer Stats

ContinentCountry% Correct
North AmericaUnited States
100%
North AmericaCanada
94%
EuropeGermany
94%
EuropeUnited Kingdom
94%
EuropeAndorra
89%
EuropeBelgium
89%
EuropeBosnia and Herzegovina
89%
EuropeBulgaria
89%
EuropeCroatia
89%
EuropeIreland
89%
EuropeLuxembourg
89%
EuropeNetherlands
89%
EuropeNorth Macedonia
89%
EuropeNorway
89%
EuropePoland
89%
EuropeRomania
89%
EuropeSan Marino
89%
EuropeSlovakia
89%
EuropeSlovenia
89%
EuropeSpain
89%
EuropeSweden
89%
North AmericaCuba
83%
EuropeCzech Republic
83%
EuropeDenmark
83%
EuropeEstonia
83%
EuropeFinland
83%
EuropeFrance
83%
EuropeGreece
83%
EuropeHungary
83%
EuropeItaly
83%
EuropeLatvia
83%
EuropeLiechtenstein
83%
EuropeLithuania
83%
EuropeMonaco
83%
EuropeMontenegro
83%
EuropePortugal
83%
EuropeSerbia
83%
EuropeSwitzerland
83%
EuropeVatican City
83%
EuropeAlbania
78%
EuropeAustria
78%
South AmericaChile
78%
EuropeMalta
78%
North AmericaMexico
78%
EuropeUkraine
78%
AsiaCyprus
72%
EuropeKosovo
72%
EuropeMoldova
72%
North AmericaBahamas
67%
North AmericaHaiti
67%
AsiaIsrael
67%
AsiaSyria
67%
AsiaLebanon
61%
South AmericaParaguay
61%
AsiaIran
56%
AsiaJordan
56%
OceaniaAustralia
44%
AfricaMorocco
44%
OceaniaNew Zealand
28%
OceaniaFiji
17%
OceaniaSamoa
11%

Score Distribution

Percentile by Number Answered

Percent of People with Each Score

Your Score History

You have not taken this quiz